| 000 | 00640nam a2200205 a 4500 | ||
|---|---|---|---|
| 001 | 000017117 | ||
| 005 | 20240412074245.0 | ||
| 008 | 100317s2000 dr r 000 p spa d | ||
| 040 |
_aDO-SdBNP _bspa _cBNPHU |
||
| 082 |
_aRD861.44 _bF316p |
||
| 100 | 1 |
_aFéliz, Frank Arnaldo, _d1981- _937720 |
|
| 245 | 1 | 0 |
_aPoemas de adolescencia / _cFrank Arnaldo Féliz. |
| 246 | 1 | 4 | _aPoemas de adolescentes |
| 260 |
_aSanto Domingo : _b[s. n.], _c200?. |
||
| 300 |
_a155 p. ; _c22 cm. |
||
| 590 | _aInventariado, 2018/BT | ||
| 650 | 0 |
_aPoesía dominicana _966 |
|
| 650 | 0 |
_aLiteratura dominicana. _967 |
|
| 910 | _aValidado. Control de calidad. MMOLINA | ||
| 999 |
_c16643 _d16643 |
||